00252 a2200109 4500001000700000020001900007040003500026100002000061240002800081245002300109300001000132156922 a97885100419111 cEscola São Tomás de Aquino aRENNÓ, Regina10aQuer ficar comigo?lpor10aQuer ficar comigo? a40 p.